000 00857nam a2200229Ia 4500
001 L198-2083
003 IT-CnALBA
008 170116s9999||||xx |||||||||||||| ||und||
040 _aIT-CnALBA
_cIT-CnALBA
041 _aITALIANO
100 _aKIERKEGAARD SOEREN, DANESE.
245 0 _aDIARIO. (1834-1850). VOL. I.
250 _a2a ed.
260 _a BRESCIA
_bMORCELLIANA EDITRICE
_c1962 [1° Ed.:1948 - Ed.Ling.Originale: 1948]
300 _a1040 p.
500 _aINTRODUZIONE. PROSPETTO DELLE OPERE. CRONOLOGIA DELLA VITA. DIARIO 1834 1850. NOTE.
501 _aSocietà San Paolo EM - Piazza San Paolo, 14 - 12051 ALBA (CN) (non commercial uses only) ® Copyright 2017
520 _aINTRODUZIONE. PROSPETTO DELLE OPERE. CRONOLOGIA DELLA VITA. DIARIO 1834 1850. NOTE.
650 _aFILOSOFIA SCANDINAVA
942 _cBK
957 _71
999 _a3062
_bNO
_g Copie: 1
_c261299
_d261299